Statistics for General Education: (Record no. 7994)
[ view plain ]
| 000 -LEADER | |
|---|---|
| fixed length control field | 00793nam a2200205Ia 4500 |
| 003 - CONTROL NUMBER IDENTIFIER | |
| control field | PH-BoMPS |
| 005 - DATE AND TIME OF LATEST TRANSACTION | |
| control field | 20221202125820.0 |
| 008 - FIXED-LENGTH DATA ELEMENTS--GENERAL INFORMATION | |
| fixed length control field | 220516s9999 xx 000 0 und d |
| 020 ## - INTERNATIONAL STANDARD BOOK NUMBER | |
| International Standard Book Number | 978-971-9983-02-6 |
| 040 ## - CATALOGING SOURCE | |
| Transcribing agency | MPSPC |
| 082 ## - DEWEY DECIMAL CLASSIFICATION NUMBER | |
| Classification number | 519.5 M265 2013 |
| 099 ## - LOCAL FREE-TEXT CALL NUMBER (OCLC) | |
| Classification number | Statistics for General Education: A Keypad Approach/ Millard R. Mamhot, Alice A. Mamhot, Joel G. Adanza_519.5 M265 2013 |
| 100 ## - MAIN ENTRY--PERSONAL NAME | |
| Personal name | Mamhot, Millard R. |
| 9 (RLIN) | 3334 |
| 245 10 - TITLE STATEMENT | |
| Title | Statistics for General Education: |
| Remainder of title | A Keypad Approach/ |
| Statement of responsibility, etc. | Millard R. Mamhot, Alice A. Mamhot, Joel G. Adanza. |
| 264 ## - PRODUCTION, PUBLICATION, DISTRIBUTION, MANUFACTURE, AND COPYRIGHT NOTICE | |
| Place of production, publication, distribution, manufacture | Manila : |
| Name of producer, publisher, distributor, manufacturer | Purely Books Trading and Pub., |
| Date of production, publication, distribution, manufacture, or copyright notice | 2013 |
| 300 ## - PHYSICAL DESCRIPTION | |
| Extent | vii,180p.: |
| Dimensions | illustrations ; |
| -- | 26 cm. |
| 500 ## - GENERAL NOTE | |
| General note | Includes Bibliographical References and Index |
| 650 ## - SUBJECT ADDED ENTRY--TOPICAL TERM | |
| Topical term or geographic name entry element | Statistics |
| General subdivision | Education |
| 9 (RLIN) | 3335 |
| 942 ## - ADDED ENTRY ELEMENTS (KOHA) | |
| Source of classification or shelving scheme | Dewey Decimal Classification |
| Koha item type | BOOKS |
| Withdrawn status | Lost status | Source of classification or shelving scheme | Damaged status | Not for loan | Collection | Home library | Current library | Shelving location | Date acquired | Total Checkouts | Full call number | Barcode | Date last seen | Price effective from | Koha item type |
|---|---|---|---|---|---|---|---|---|---|---|---|---|---|---|---|
| Dewey Decimal Classification | Filipiniana | Bontoc Campus Library | Bontoc Campus Library | MPSU Bontoc Campus Library 3rd Floor | 12/02/2022 | FIL 519.5 M265 2013 | B21909 | 12/02/2022 | 12/02/2022 | BOOKS |